[Event "Russian Rapid Team Championship (m)"]
[Site "Sochi"]
[Date "2022.10.19"]
[Round "6.6"]
[White "Grachev, Boris"]
[Black "Sjugirov, Sanan"]
[Result "1-0"]
[BlackElo "2609"]
[WhiteElo "2612"]
[LiveChessVersion "1.4.8"]

1. d4 {[%clk 0:15:10]} Nf6 {[%clk 0:15:14]} 2. c4 {[%clk 0:15:16]} e6
{[%clk 0:15:15]} 3. Nc3 {[%clk 0:15:24]} Bb4 {[%clk 0:15:09]} 4. e3
{[%clk 0:15:33]} Bxc3+ {[%clk 0:14:37]} 5. bxc3 {[%clk 0:15:41]} b6
{[%clk 0:14:46]} 6. Bd3 {[%clk 0:12:32]} Bb7 {[%clk 0:14:53]} 7. f3
{[%clk 0:12:39]} d6 {[%clk 0:15:00]} 8. Ne2 {[%clk 0:12:26]} Nc6 {[%clk 0:13:44]}
9. O-O {[%clk 0:11:43]} Nd7 {[%clk 0:13:40]} 10. e4 {[%clk 0:09:56]} Qe7
{[%clk 0:13:43]} 11. Be3 {[%clk 0:09:47]} h5 {[%clk 0:06:41]} 12. Nc1
{[%clk 0:07:46]} f6 {[%clk 0:02:45]} 13. Nb3 {[%clk 0:07:38]} Qf7
{[%clk 0:02:54]} 14. a4 {[%clk 0:07:17]} a5 {[%clk 0:03:00]} 15. f4
{[%clk 0:07:04]} Ne7 {[%clk 0:02:55]} 16. Rb1 {[%clk 0:06:32]} f5
{[%clk 0:02:38]} 17. e5 {[%clk 0:04:52]} h4 {[%clk 0:02:36]} 18. Be2
{[%clk 0:04:29]} h3 {[%clk 0:02:14]} 19. g3 {[%clk 0:04:37]} Qg6 {[%clk 0:01:33]}
20. Bf3 {[%clk 0:03:33]} Bxf3 {[%clk 0:01:42]} 21. Qxf3 {[%clk 0:03:42]} O-O
{[%clk 0:01:51]} 22. Nd2 {[%clk 0:03:11]} d5 {[%clk 0:01:35]} 23. cxd5
{[%clk 0:02:35]} Nxd5 {[%clk 0:01:43]} 24. c4 {[%clk 0:02:07]} Nb4
{[%clk 0:01:32]} 25. Nb3 {[%clk 0:01:51]} Rad8 {[%clk 0:01:13]} 26. Rfd1
{[%clk 0:01:37]} c6 {[%clk 0:00:25]} 27. Bd2 {[%clk 0:01:39]} Nb8
{[%clk 0:00:32]} 28. Bxb4 {[%clk 0:01:19]} axb4 {[%clk 0:00:41]} 29. Nc1
{[%clk 0:01:04]} Rf7 {[%clk 0:00:15]} 30. Rxb4 {[%clk 0:00:59]} c5
{[%clk 0:00:24]} 31. dxc5 {[%clk 0:00:40]} Rxd1+ {[%clk 0:00:32]} 32. Qxd1
{[%clk 0:00:48]} Rd7 {[%clk 0:00:41]} 33. Qf3 {[%clk 0:00:45]} Na6
{[%clk 0:00:33]} 34. c6 {[%clk 0:00:37]} Rd2 {[%clk 0:00:36]} 35. Rxb6
{[%clk 0:00:43]} Nc7 {[%clk 0:00:40]} 36. Ne2 {[%clk 0:00:45]} Qe8
{[%clk 0:00:46]} 37. Qe3 {[%clk 0:00:42]} Rd1+ {[%clk 0:00:52]} 38. Kf2
{[%clk 0:00:50]} Rh1 {[%clk 0:00:57]} 39. Qf3 {[%clk 0:00:18]} Rxh2+
{[%clk 0:01:05]} 40. Kg1 {[%clk 0:00:27]} Rg2+ {[%clk 0:01:13]} 41. Kh1
{[%clk 0:00:29]} Qd8 {[%clk 0:00:28]} 42. Ng1 {[%clk 0:00:36]} Ra2
{[%clk 0:00:25]} 43. Nxh3 {[%clk 0:00:20]} Ne8 {[%clk 0:00:34]} 44. Rb1
{[%clk 0:00:19]} Qd2 {[%clk 0:00:35]} 45. Nf2 {[%clk 0:00:28]} Qxf2
{[%clk 0:00:16]} 46. Qxf2 {[%clk 0:00:37]} Rxf2 {[%clk 0:00:25]} 47. Rb8
{[%clk 0:00:45]} Kf7 {[%clk 0:00:34]} 48. c7 {[%clk 0:00:44]} Nxc7
{[%clk 0:00:42]} 49. Rb7 {[%clk 0:00:53]} Kg6 {[%clk 0:00:48]} 50. Rxc7
{[%clk 0:01:01]} Ra2 {[%clk 0:00:53]} 51. Ra7 {[%clk 0:00:28]} Rc2
{[%clk 0:01:01]} 52. Rc7 {[%clk 0:00:37]} Ra2 {[%clk 0:01:10]} 53. Re7
{[%clk 0:00:42]} Rxa4 {[%clk 0:01:18]} 54. Rxe6+ {[%clk 0:00:27]} Kh5
{[%clk 0:01:27]} 55. c5 {[%clk 0:00:23]} Kg4 {[%clk 0:01:26]} 56. Rg6+
{[%clk 0:00:14]} Kf3 {[%clk 0:01:35]} 57. c6 {[%clk 0:00:13]} Ra8
{[%clk 0:00:46]} 58. Kg1 {[%clk 0:00:15]} Ra1+ {[%clk 0:00:54]} 59. Kh2
{[%clk 0:00:25]} Ra8 {[%clk 0:01:03]} 60. Rxg7 {[%clk 0:00:18]} Kf2
{[%clk 0:00:37]} 61. Rh7 {[%clk 0:00:27]} Rg8 {[%clk 0:00:43]} 62. c7
{[%clk 0:00:25]} Kf3 {[%clk 0:00:48]} 63. e6 {[%clk 0:00:25]} Ra8
{[%clk 0:00:52]} 64. Kh3 {[%clk 0:00:23]} Rg8 {[%clk 0:00:56]} 65. Kh4
{[%clk 0:00:26]} 1-0

[Event "Russian Rapid Team Championship (m)"]
[Site "Sochi"]
[Date "2022.10.19"]
[Round "6.7"]
[White "Timofeev, Artyom"]
[Black "Dreev, Aleksey"]
[Result "1/2-1/2"]
[BlackElo "2576"]
[WhiteElo "2560"]
[LiveChessVersion "1.4.8"]

1. e4 {[%clk 0:15:17]} c6 {[%clk 0:15:19]} 2. d4 {[%clk 0:14:53]} d5
{[%clk 0:15:27]} 3. exd5 {[%clk 0:15:01]} cxd5 {[%clk 0:15:36]} 4. Bd3
{[%clk 0:15:09]} Nc6 {[%clk 0:15:44]} 5. c3 {[%clk 0:15:17]} Nf6 {[%clk 0:15:41]}
6. h3 {[%clk 0:15:24]} g6 {[%clk 0:15:34]} 7. Nf3 {[%clk 0:15:18]} Bf5
{[%clk 0:15:41]} 8. O-O {[%clk 0:15:15]} Bxd3 {[%clk 0:15:27]} 9. Qxd3
{[%clk 0:15:23]} Qc7 {[%clk 0:15:36]} 10. Be3 {[%clk 0:14:32]} Bg7
{[%clk 0:15:41]} 11. Nbd2 {[%clk 0:14:39]} O-O {[%clk 0:15:39]} 1/2-1/2

[Event "Russian Rapid Team Championship (m)"]
[Site "Sochi"]
[Date "2022.10.19"]
[Round "6.8"]
[White "Popov, Ivan"]
[Black "Faizrakhmanov, Ramil"]
[Result "1/2-1/2"]
[BlackElo "2475"]
[WhiteElo "2616"]
[LiveChessVersion "1.4.8"]

1. e4 {[%clk 0:15:18]} c6 {[%clk 0:15:19]} 2. d4 {[%clk 0:15:25]} d5
{[%clk 0:15:28]} 3. Nc3 {[%clk 0:15:33]} dxe4 {[%clk 0:15:37]} 4. Nxe4
{[%clk 0:15:42]} Bf5 {[%clk 0:15:45]} 5. Ng3 {[%clk 0:15:48]} Bg6
{[%clk 0:15:54]} 6. h4 {[%clk 0:15:51]} h6 {[%clk 0:16:03]} 7. Bd3
{[%clk 0:15:59]} Bxd3 {[%clk 0:16:11]} 8. Qxd3 {[%clk 0:16:07]} e6
{[%clk 0:16:13]} 9. N1e2 {[%clk 0:16:14]} Nf6 {[%clk 0:16:10]} 10. Bd2
{[%clk 0:16:21]} c5 {[%clk 0:16:00]} 11. Ne4 {[%clk 0:15:57]} Nxe4
{[%clk 0:15:19]} 12. Qxe4 {[%clk 0:16:05]} Nc6 {[%clk 0:15:17]} 13. Bc3
{[%clk 0:15:55]} cxd4 {[%clk 0:13:53]} 14. Nxd4 {[%clk 0:15:54]} Qd5
{[%clk 0:13:36]} 15. Qxd5 {[%clk 0:15:45]} exd5 {[%clk 0:13:45]} 16. O-O-O
{[%clk 0:11:41]} O-O-O {[%clk 0:13:48]} 17. Nf5 {[%clk 0:08:08]} Rg8
{[%clk 0:13:39]} 18. h5 {[%clk 0:08:16]} g6 {[%clk 0:13:12]} 19. hxg6
{[%clk 0:07:45]} Rxg6 {[%clk 0:13:21]} 20. g3 {[%clk 0:06:58]} Bc5
{[%clk 0:13:19]} 21. Nd4 {[%clk 0:07:04]} Re8 {[%clk 0:12:36]} 22. Rh5
{[%clk 0:05:59]} Bxd4 {[%clk 0:12:02]} 23. Bxd4 {[%clk 0:06:07]} Nxd4
{[%clk 0:12:11]} 24. Rxd4 {[%clk 0:06:14]} Rf6 {[%clk 0:12:09]} 25. f4
{[%clk 0:01:59]} Re3 {[%clk 0:10:33]} 26. Rhxd5 {[%clk 0:01:16]} Rxg3
{[%clk 0:10:38]} 27. Rc4+ {[%clk 0:01:03]} Rc6 {[%clk 0:10:46]} 28. Rxc6+
{[%clk 0:01:12]} bxc6 {[%clk 0:10:55]} 29. Rf5 {[%clk 0:01:21]} Kc7
{[%clk 0:06:13]} 30. Rxf7+ {[%clk 0:01:29]} Kb6 {[%clk 0:06:23]} 31. Kd2
{[%clk 0:01:32]} Rg2+ {[%clk 0:05:54]} 32. Kd3 {[%clk 0:01:40]} Rg3+
{[%clk 0:06:02]} 33. Ke4 {[%clk 0:01:43]} Rg2 {[%clk 0:06:11]} 34. Kd3
{[%clk 0:00:52]} Rg3+ {[%clk 0:06:14]} 35. Kc4 {[%clk 0:00:26]} Rg2
{[%clk 0:06:21]} 36. Kb3 {[%clk 0:00:30]} h5 {[%clk 0:06:23]} 37. f5
{[%clk 0:00:21]} h4 {[%clk 0:06:25]} 38. Rh7 {[%clk 0:00:27]} Rf2
{[%clk 0:06:31]} 39. Rxh4 {[%clk 0:00:33]} Rxf5 {[%clk 0:06:39]} 40. Rb4+
{[%clk 0:00:30]} Kc7 {[%clk 0:06:43]} 41. Rd4 {[%clk 0:00:38]} Kb6
{[%clk 0:06:34]} 42. Kc3 {[%clk 0:00:45]} a5 {[%clk 0:06:33]} 43. b3
{[%clk 0:00:48]} Rf3+ {[%clk 0:06:40]} 44. Rd3 {[%clk 0:00:57]} Rf4
{[%clk 0:06:48]} 45. a4 {[%clk 0:00:42]} Rg4 {[%clk 0:06:56]} 46. Rd4
{[%clk 0:00:50]} Rg2 {[%clk 0:06:51]} 47. Kd3 {[%clk 0:00:52]} Rh2
{[%clk 0:06:51]} 48. c3 {[%clk 0:00:47]} Rh1 {[%clk 0:06:47]} 49. Kc4
{[%clk 0:00:42]} Rc1 {[%clk 0:06:53]} 50. Rd8 {[%clk 0:00:48]} Ra1
{[%clk 0:06:42]} 51. Rb8+ {[%clk 0:00:34]} Kc7 {[%clk 0:06:35]} 52. Ra8
{[%clk 0:00:42]} Kb6 {[%clk 0:06:44]} 53. Rb8+ {[%clk 0:00:26]} Kc7
{[%clk 0:06:52]} 54. Rh8 {[%clk 0:00:34]} Kb6 {[%clk 0:06:59]} 55. Rh4
{[%clk 0:00:35]} Ra3 {[%clk 0:06:56]} 56. Rh1 {[%clk 0:00:30]} Ra2
{[%clk 0:07:02]} 57. Rb1 {[%clk 0:00:27]} Rh2 {[%clk 0:06:35]} 58. b4
{[%clk 0:00:21]} Rh4+ {[%clk 0:06:40]} 59. Kb3 {[%clk 0:00:23]} axb4
{[%clk 0:06:18]} 60. cxb4 {[%clk 0:00:32]} c5 {[%clk 0:06:27]} 61. Ka3
{[%clk 0:00:23]} Rxb4 {[%clk 0:06:35]} 1/2-1/2

[Event "Russian Rapid Team Championship (m)"]
[Site "Sochi"]
[Date "2022.10.19"]
[Round "6.9"]
[White "Afanasiev, Nikita"]
[Black "Tomashevsky, Evgeny"]
[Result "1/2-1/2"]
[BlackElo "2631"]
[WhiteElo "2535"]
[LiveChessVersion "1.4.8"]

1. e4 {[%clk 0:15:18]} e5 {[%clk 0:15:18]} 2. Bc4 {[%clk 0:15:25]} Nf6
{[%clk 0:15:15]} 3. d3 {[%clk 0:15:33]} Bc5 {[%clk 0:15:24]} 4. Nf3
{[%clk 0:15:40]} Nc6 {[%clk 0:15:30]} 5. c3 {[%clk 0:15:47]} d6 {[%clk 0:15:30]}
6. Bg5 {[%clk 0:15:17]} h6 {[%clk 0:15:09]} 7. Bh4 {[%clk 0:15:25]} O-O
{[%clk 0:13:41]} 8. O-O {[%clk 0:15:20]} a5 {[%clk 0:13:42]} 9. Nbd2
{[%clk 0:13:55]} Ba7 {[%clk 0:11:41]} 10. Re1 {[%clk 0:13:44]} g5
{[%clk 0:11:48]} 11. Bg3 {[%clk 0:13:52]} Nh7 {[%clk 0:07:39]} 12. h4
{[%clk 0:12:16]} Bg4 {[%clk 0:06:37]} 13. hxg5 {[%clk 0:10:40]} hxg5
{[%clk 0:06:34]} 14. Nf1 {[%clk 0:09:23]} Qf6 {[%clk 0:05:52]} 15. Ne3
{[%clk 0:09:29]} Bxf3 {[%clk 0:05:11]} 16. gxf3 {[%clk 0:09:37]} Bxe3
{[%clk 0:05:08]} 17. fxe3 {[%clk 0:09:40]} Ne7 {[%clk 0:05:00]} 18. Kg2
{[%clk 0:09:26]} Kg7 {[%clk 0:04:51]} 19. Rh1 {[%clk 0:09:34]} Rh8
{[%clk 0:04:52]} 20. d4 {[%clk 0:09:07]} Ng6 {[%clk 0:04:51]} 21. Rh5
{[%clk 0:08:49]} Rag8 {[%clk 0:03:40]} 22. Qe2 {[%clk 0:06:09]} Nhf8
{[%clk 0:03:18]} 23. Rxh8 {[%clk 0:02:50]} Rxh8 {[%clk 0:03:26]} 24. Rh1
{[%clk 0:02:11]} Rxh1 {[%clk 0:02:38]} 25. Kxh1 {[%clk 0:02:20]} Nh4
{[%clk 0:02:47]} 26. f4 {[%clk 0:02:00]} exf4 {[%clk 0:02:04]} 27. exf4
{[%clk 0:02:07]} gxf4 {[%clk 0:02:11]} 28. Qg4+ {[%clk 0:02:13]} Nhg6
{[%clk 0:00:48]} 29. Bf2 {[%clk 0:02:22]} Ne6 {[%clk 0:00:42]} 30. Bd3
{[%clk 0:01:57]} b6 {[%clk 0:00:42]} 31. Kg2 {[%clk 0:01:18]} c5 {[%clk 0:00:50]}
32. Qf5 {[%clk 0:01:13]} Nh4+ {[%clk 0:00:54]} 33. Bxh4 {[%clk 0:01:02]} Qxh4
{[%clk 0:01:03]} 34. e5 {[%clk 0:00:43]} d5 {[%clk 0:01:12]} 35. dxc5
{[%clk 0:00:42]} bxc5 {[%clk 0:01:21]} 36. Kf1 {[%clk 0:00:23]} Kf8
{[%clk 0:00:46]} 37. Be2 {[%clk 0:00:25]} Ke7 {[%clk 0:00:42]} 38. Bh5
{[%clk 0:00:32]} Qh1+ {[%clk 0:00:29]} 39. Kf2 {[%clk 0:00:37]} Qh2+
{[%clk 0:00:34]} 40. Kf1 {[%clk 0:00:46]} Qh1+ {[%clk 0:00:23]} 41. Kf2
{[%clk 0:00:55]} Qh4+ {[%clk 0:00:26]} 42. Kf1 {[%clk 0:01:04]} Qh1+
{[%clk 0:00:12]} 1/2-1/2

[Event "Russian Rapid Team Championship (m)"]
[Site "Sochi"]
[Date "2022.10.19"]
[Round "6.10"]
[White "Chigaev, Maksim"]
[Black "Tsydypov, Zhamsaran"]
[Result "1-0"]
[BlackElo "2554"]
[WhiteElo "2540"]
[LiveChessVersion "1.4.8"]

1. Nf3 {[%clk 0:15:16]} Nf6 {[%clk 0:14:41]} 2. c4 {[%clk 0:15:23]} e6
{[%clk 0:14:47]} 3. g3 {[%clk 0:15:31]} d5 {[%clk 0:14:55]} 4. d4
{[%clk 0:15:39]} dxc4 {[%clk 0:14:46]} 5. Bg2 {[%clk 0:15:48]} Nc6
{[%clk 0:14:19]} 6. O-O {[%clk 0:15:50]} Rb8 {[%clk 0:14:23]} 7. a4
{[%clk 0:15:17]} a6 {[%clk 0:14:19]} 8. a5 {[%clk 0:15:25]} Bb4 {[%clk 0:13:34]}
9. Ra4 {[%clk 0:15:26]} Qe7 {[%clk 0:11:50]} 10. Qc2 {[%clk 0:10:21]} O-O
{[%clk 0:10:15]} 11. Qxc4 {[%clk 0:09:06]} Bd7 {[%clk 0:09:05]} 12. Ne5
{[%clk 0:07:11]} Nxe5 {[%clk 0:08:54]} 13. Qxb4 {[%clk 0:07:01]} c5
{[%clk 0:08:38]} 14. Qa3 {[%clk 0:07:07]} Ng6 {[%clk 0:08:33]} 15. Rc4
{[%clk 0:07:13]} cxd4 {[%clk 0:07:45]} 16. Rxd4 {[%clk 0:06:39]} Bc6
{[%clk 0:07:01]} 17. Rfd1 {[%clk 0:05:26]} Bxg2 {[%clk 0:06:59]} 18. Kxg2
{[%clk 0:05:32]} Qc7 {[%clk 0:06:02]} 19. Nc3 {[%clk 0:05:39]} h6
{[%clk 0:05:30]} 20. f3 {[%clk 0:05:15]} Ne7 {[%clk 0:04:58]} 21. Qd6
{[%clk 0:01:31]} Qxd6 {[%clk 0:04:55]} 22. Rxd6 {[%clk 0:01:39]} Nc6
{[%clk 0:04:56]} 23. e4 {[%clk 0:01:30]} Nxa5 {[%clk 0:04:34]} 24. e5
{[%clk 0:01:39]} Nh7 {[%clk 0:04:26]} 25. f4 {[%clk 0:01:36]} Rfc8
{[%clk 0:04:25]} 26. Kf3 {[%clk 0:01:02]} Nf8 {[%clk 0:04:27]} 27. Ne4
{[%clk 0:00:55]} Rc2 {[%clk 0:03:44]} 28. Be3 {[%clk 0:00:24]} Ng6
{[%clk 0:02:27]} 29. h4 {[%clk 0:00:33]} Rxb2 {[%clk 0:01:55]} 30. h5
{[%clk 0:00:27]} Ne7 {[%clk 0:01:50]} 31. Rd8+ {[%clk 0:00:35]} Rxd8
{[%clk 0:01:59]} 32. Rxd8+ Kh7 33. Rd7 {[%clk 0:00:34]} Nd5 {[%clk 0:00:39]} 34.
Bf2 {[%clk 0:00:44]} Rb3+ {[%clk 0:00:42]} 35. Kg2 {[%clk 0:00:53]} Kg8
{[%clk 0:00:39]} 36. Rd8+ {[%clk 0:00:51]} Kh7 {[%clk 0:00:49]} 37. Rd7
{[%clk 0:00:59]} Nc4 {[%clk 0:00:32]} 38. Rxf7 {[%clk 0:00:56]} Kg8
{[%clk 0:00:41]} 39. Rd7 {[%clk 0:01:05]} Nce3+ {[%clk 0:00:28]} 40. Bxe3
{[%clk 0:00:49]} Nxe3+ {[%clk 0:00:37]} 41. Kf2 {[%clk 0:00:50]} Ng4+
{[%clk 0:00:39]} 42. Kg2 {[%clk 0:00:59]} Ne3+ {[%clk 0:00:28]} 43. Kf2
{[%clk 0:01:08]} Nf5 {[%clk 0:00:27]} 44. g4 {[%clk 0:00:59]} Ne3
{[%clk 0:00:20]} 45. g5 {[%clk 0:01:08]} Ng4+ {[%clk 0:00:23]} 46. Kg1
{[%clk 0:01:00]} Rf3 {[%clk 0:00:19]} 47. Rd8+ {[%clk 0:00:33]} Kf7
{[%clk 0:00:28]} 48. g6+ {[%clk 0:00:34]} Ke7 {[%clk 0:00:37]} 49. Rb8
{[%clk 0:00:31]} Rb3 {[%clk 0:00:30]} 50. Rg8 {[%clk 0:00:18]} Rb1+
{[%clk 0:00:39]} 51. Kg2 {[%clk 0:00:27]} Ne3+ {[%clk 0:00:48]} 52. Kf2
{[%clk 0:00:30]} Nf5 {[%clk 0:00:57]} 53. Nd6 {[%clk 0:00:36]} Rb2+
{[%clk 0:00:46]} 54. Ke1 {[%clk 0:00:23]} Rb1+ {[%clk 0:00:52]} 55. Kd2
{[%clk 0:00:24]} Nxd6 {[%clk 0:00:11]} 56. exd6+ {[%clk 0:00:26]} Kxd6
{[%clk 0:00:19]} 57. Rxg7 {[%clk 0:00:34]} Rb5 {[%clk 0:00:16]} 58. Rg8
{[%clk 0:00:19]} Ke7 {[%clk 0:00:21]} 59. Rh8 {[%clk 0:00:22]} Kf6
{[%clk 0:00:23]} 60. Rxh6 {[%clk 0:00:29]} Kg7 {[%clk 0:00:17]} 61. Rh7+
{[%clk 0:00:34]} Kg8 {[%clk 0:00:26]} 62. h6 {[%clk 0:00:22]} Rh5
{[%clk 0:00:33]} 63. Rg7+ {[%clk 0:00:15]} Kh8 {[%clk 0:00:40]} 64. Rh7+ Kg8 65.
Ke3 {[%clk 0:00:27]} a5 {[%clk 0:00:59]} 66. f5 {[%clk 0:00:22]} exf5
{[%clk 0:00:50]} 67. Kf4 {[%clk 0:00:30]} a4 {[%clk 0:00:36]} 68. Rg7+
{[%clk 0:00:39]} Kh8 {[%clk 0:00:44]} 69. Rxb7 {[%clk 0:00:40]} Rxh6
{[%clk 0:00:40]} 70. Kg5 {[%clk 0:00:49]} 1-0

[Event "Russian Rapid Team Championship (m)"]
[Site "Sochi"]
[Date "2022.10.19"]
[Round "6.11"]
[White "Rozum, Ivan"]
[Black "Khegay, Dmitriy"]
[Result "1-0"]
[BlackElo "2486"]
[WhiteElo "2540"]
[LiveChessVersion "1.4.8"]

1. Nf3 {[%clk 0:15:17]} d6 {[%clk 0:15:04]} 2. d4 {[%clk 0:15:16]} Nf6
{[%clk 0:15:13]} 3. c4 {[%clk 0:15:19]} g6 {[%clk 0:15:21]} 4. g3
{[%clk 0:15:26]} Bg7 {[%clk 0:15:30]} 5. Bg2 {[%clk 0:15:34]} O-O
{[%clk 0:15:37]} 6. Nc3 {[%clk 0:15:42]} Bf5 {[%clk 0:15:44]} 7. O-O
{[%clk 0:14:58]} Ne4 {[%clk 0:15:46]} 8. Na4 {[%clk 0:14:44]} Nf6
{[%clk 0:13:15]} 9. Nc3 {[%clk 0:14:46]} Ne4 {[%clk 0:13:23]} 10. Nd5
{[%clk 0:14:18]} c6 {[%clk 0:13:11]} 11. Ne3 {[%clk 0:14:26]} Bc8
{[%clk 0:13:19]} 12. b3 {[%clk 0:14:10]} f5 {[%clk 0:12:50]} 13. Bb2
{[%clk 0:14:13]} Nd7 {[%clk 0:12:56]} 14. Qc2 {[%clk 0:12:52]} Ndf6
{[%clk 0:12:39]} 15. d5 {[%clk 0:12:27]} Bd7 {[%clk 0:12:27]} 16. b4
{[%clk 0:11:02]} Rc8 {[%clk 0:12:09]} 17. Qb3 {[%clk 0:10:55]} Kh8
{[%clk 0:11:05]} 18. Rac1 {[%clk 0:10:52]} g5 {[%clk 0:09:57]} 19. Qd3
{[%clk 0:08:11]} f4 {[%clk 0:09:41]} 20. Bxf6 {[%clk 0:08:18]} Nxf6
{[%clk 0:09:40]} 21. Nf5 {[%clk 0:08:16]} Bxf5 {[%clk 0:09:25]} 22. Qxf5
{[%clk 0:08:25]} Nxd5 {[%clk 0:08:58]} 23. Qb1 {[%clk 0:08:13]} Nf6
{[%clk 0:07:27]} 24. Nxg5 {[%clk 0:08:21]} Qe8 {[%clk 0:07:35]} 25. gxf4
{[%clk 0:07:15]} e5 {[%clk 0:05:21]} 26. Rcd1 {[%clk 0:06:52]} exf4
{[%clk 0:05:01]} 27. Rxd6 {[%clk 0:06:52]} Qe5 {[%clk 0:05:03]} 28. Rxf6
{[%clk 0:06:00]} Qxg5 {[%clk 0:05:12]} 29. Rxf8+ {[%clk 0:06:08]} Rxf8
{[%clk 0:05:20]} 30. Kh1 {[%clk 0:06:07]} f3 {[%clk 0:00:50]} 31. Bxf3
{[%clk 0:06:01]} Be5 {[%clk 0:00:59]} 32. Qe4 {[%clk 0:04:04]} Rf4
{[%clk 0:01:07]} 33. Qe3 {[%clk 0:04:13]} Qf6 {[%clk 0:00:57]} 34. Bg2
{[%clk 0:01:40]} Rxc4 {[%clk 0:00:45]} 35. Rd1 {[%clk 0:01:26]} Rd4
{[%clk 0:00:31]} 36. Rxd4 {[%clk 0:01:28]} Bxd4 {[%clk 0:00:40]} 37. Qe8+
{[%clk 0:01:37]} Kg7 {[%clk 0:00:49]} 38. e3 {[%clk 0:01:38]} Bb6
{[%clk 0:00:53]} 39. Qd7+ {[%clk 0:01:40]} Kh6 {[%clk 0:00:40]} 40. Qh3+
{[%clk 0:01:26]} Kg7 {[%clk 0:00:50]} 41. Qg4+ {[%clk 0:01:33]} Kh8
{[%clk 0:00:26]} 42. Bf3 {[%clk 0:01:38]} Bd8 {[%clk 0:00:27]} 43. Kg2
{[%clk 0:01:19]} Be7 {[%clk 0:00:36]} 44. Qc8+ {[%clk 0:01:25]} Kg7
{[%clk 0:00:25]} 45. Be4 {[%clk 0:01:14]} Qg5+ {[%clk 0:00:27]} 46. Kf1
{[%clk 0:01:22]} Qe5 {[%clk 0:00:32]} 47. Qg4+ {[%clk 0:01:24]} Kh8
{[%clk 0:00:32]} 48. a3 {[%clk 0:01:21]} a5 {[%clk 0:00:25]} 49. bxa5
{[%clk 0:01:22]} Qxa5 {[%clk 0:00:16]} 50. Qc8+ {[%clk 0:00:32]} Qd8
{[%clk 0:00:20]} 51. Qf5 {[%clk 0:00:31]} Qg8 {[%clk 0:00:26]} 52. a4
{[%clk 0:00:24]} Bf8 {[%clk 0:00:16]} 53. Bd3 {[%clk 0:00:24]} Be7
{[%clk 0:00:13]} 54. Qd7 {[%clk 0:00:23]} Qg7 {[%clk 0:00:17]} 55. Qxb7
{[%clk 0:00:28]} Qg4 {[%clk 0:00:13]} 56. Qb8+ {[%clk 0:00:24]} Kg7
{[%clk 0:00:21]} 57. Qg3 {[%clk 0:00:27]} h5 {[%clk 0:00:30]} 58. Qxg4+
{[%clk 0:00:34]} hxg4 {[%clk 0:00:39]} 59. Be2 {[%clk 0:00:43]} Bd6
{[%clk 0:00:31]} 60. Kg2 {[%clk 0:00:51]} Bc7 {[%clk 0:00:40]} 61. Bxg4
{[%clk 0:00:59]} Kf6 {[%clk 0:00:48]} 62. h4 {[%clk 0:01:04]} c5 {[%clk 0:00:57]}
63. Be2 {[%clk 0:01:12]} Kf5 {[%clk 0:01:05]} 64. Kf3 {[%clk 0:01:01]} Bd8
{[%clk 0:01:13]} 65. Bd3+ {[%clk 0:01:07]} Kf6 {[%clk 0:01:16]} 66. Kg4
{[%clk 0:01:10]} 1-0

[Event "Russian Rapid Team Championship (m)"]
[Site "Sochi"]
[Date "2022.10.19"]
[Round "6.12"]
[White "Drygalov, Andrey"]
[Black "Moiseenko, Vadim"]
[Result "1-0"]
[BlackElo "2429"]
[WhiteElo "2456"]
[LiveChessVersion "1.4.8"]

1. e4 {[%clk 0:15:19]} e5 {[%clk 0:14:43]} 2. Nf3 {[%clk 0:15:27]} Nf6
{[%clk 0:14:52]} 3. Nxe5 {[%clk 0:15:27]} d6 {[%clk 0:15:01]} 4. Nf3
{[%clk 0:15:35]} Nxe4 {[%clk 0:15:09]} 5. d4 {[%clk 0:15:36]} d5 {[%clk 0:15:17]}
6. Bd3 {[%clk 0:15:44]} Bd6 {[%clk 0:15:27]} 7. O-O {[%clk 0:16:01]} O-O
{[%clk 0:15:34]} 8. c4 {[%clk 0:16:10]} c6 {[%clk 0:15:43]} 9. Nc3
{[%clk 0:16:18]} Nxc3 {[%clk 0:15:32]} 10. bxc3 {[%clk 0:16:27]} dxc4
{[%clk 0:15:40]} 11. Bxc4 {[%clk 0:16:36]} Bf5 {[%clk 0:15:26]} 12. Bg5
{[%clk 0:11:48]} Qa5 {[%clk 0:14:49]} 13. d5 {[%clk 0:10:55]} Be4
{[%clk 0:11:27]} 14. dxc6 {[%clk 0:09:40]} Bxf3 {[%clk 0:11:32]} 15. Qxf3
{[%clk 0:09:47]} Nxc6 {[%clk 0:11:40]} 16. Bd5 {[%clk 0:08:52]} Rae8
{[%clk 0:10:39]} 17. c4 {[%clk 0:06:57]} Qc7 {[%clk 0:05:53]} 18. g3
{[%clk 0:05:55]} Ne5 {[%clk 0:04:49]} 19. Qb3 {[%clk 0:05:42]} b6
{[%clk 0:04:51]} 20. Rfe1 {[%clk 0:05:47]} Kh8 {[%clk 0:04:46]} 21. Bf4
{[%clk 0:05:04]} f6 {[%clk 0:04:25]} 22. Rad1 {[%clk 0:04:42]} Re7
{[%clk 0:04:33]} 23. Kg2 {[%clk 0:04:29]} Rfe8 {[%clk 0:04:42]} 24. Qb5
{[%clk 0:03:17]} Qb8 {[%clk 0:03:33]} 25. Re4 {[%clk 0:02:25]} Rd8
{[%clk 0:01:28]} 26. Rde1 {[%clk 0:02:08]} Rc7 {[%clk 0:01:28]} 27. Bxe5
{[%clk 0:02:12]} fxe5 {[%clk 0:01:07]} 28. Qb1 {[%clk 0:01:53]} Rf8
{[%clk 0:00:59]} 29. Rh4 {[%clk 0:01:45]} h6 {[%clk 0:01:09]} 30. Qg6
{[%clk 0:01:47]} Bc5 {[%clk 0:00:23]} 31. Re2 {[%clk 0:01:20]} Qe8
{[%clk 0:00:30]} 32. Qg4 {[%clk 0:00:44]} Re7 {[%clk 0:00:33]} 33. f3
{[%clk 0:00:49]} Rf6 {[%clk 0:00:39]} 34. Rh5 {[%clk 0:00:36]} Rg6
{[%clk 0:00:20]} 35. Qh3 {[%clk 0:00:30]} Rf6 {[%clk 0:00:24]} 36. Be4
{[%clk 0:00:26]} a5 {[%clk 0:00:31]} 37. g4 {[%clk 0:00:21]} Qd7 {[%clk 0:00:33]}
38. g5 {[%clk 0:00:25]} Qd1 {[%clk 0:00:14]} 39. Qc8+ {[%clk 0:00:23]} Re8
{[%clk 0:00:24]} 40. Qxe8+ {[%clk 0:00:32]} Rf8 {[%clk 0:00:33]} 41. Rxh6+
{[%clk 0:00:33]} gxh6 {[%clk 0:00:42]} 42. Qxe5+ {[%clk 0:00:42]} Kg8
{[%clk 0:00:44]} 43. Bd5+ {[%clk 0:00:25]} Kh7 {[%clk 0:00:54]} 44. Qc7+
{[%clk 0:00:18]} Kh8 {[%clk 0:00:57]} 45. Qe5+ {[%clk 0:00:24]} Kh7
{[%clk 0:01:07]} 46. Be4+ {[%clk 0:00:21]} Kg8 {[%clk 0:01:12]} 47. Qe6+
{[%clk 0:00:29]} Rf7 {[%clk 0:00:51]} 48. Qg6+ {[%clk 0:00:38]} Kf8
{[%clk 0:00:46]} 49. Qxh6+ {[%clk 0:00:28]} Rg7 {[%clk 0:00:31]} 50. Qh8+
{[%clk 0:00:25]} Kf7 {[%clk 0:00:34]} 51. Bd5+ {[%clk 0:00:31]} 1-0